000 00989nam a2200265Ia 4500
003 OSt
005 20220923220112.0
006 a|||||r|||| 00| 0
007 ta
008 220922b |||||||| |||| 00| 0 hin d
024 _a184,297
037 _cTextual
040 _aARTS
_cARTS
_bhin
041 _2hin
_ahin
082 _aO152,2:g, K4.1
100 _aचन्द्र प्रकाश सिंह
245 0 _aहिन्दी नाटय साहित्य और रंगमंच की मीमांसा
246 _aHindī nāṭaya sāhitya aur rangahincha kī mīmāansā
260 _aदिल्ली
_b भारती ग्रंथ भण्डार
_c1964
300 _a402पृ.
_ccm.
650 _a हिन्दी नाटक
650 _aहिन्दी साहित्य
_9156264
942 _hO152,2:g, K4.1
_cTEXL
_2CC
999 _c337581
_d337581